banner koha

Sistema de plantio direto de hortaliças (SPDH) : (Registro n. 86937)

MARC details
000 -LÍDER
Campo de controle fixo 02255nam a22003377a 4500
001 - NÚMERO DE CONTROLE
Número de controle BR2023002157
003 - CÓDIGO MARC DA AGÊNCIA CATALOGADORA
Campo de controle BR-BrBNA
005 - DATA E HORA DA ÚLTIMA ATUALIZAÇÃO
Campo de controle 20231204145737.0
008 - CAMPO DE TAMANHO FIXO
Campo fixo de controle 231204b2018 bl.a|||| |||| 00| 0 por d
040 ## - FONTE DA CATALOGAÇÃO
Agência catalogadora BR-BrBNA
Idioma da catalogação por
041 ## - CÓDIGO DO IDIOMA
Código do Idioma por
072 ## - CATEGORIA AGRIS
Código da categoria de assunto/objeto <a href="F01; F04; F02">F01; F04; F02</a>
Código do objeto 1740
100 ## - ENTRADA PRINCIPAL - NOME PESSOAL
Nome pessoal Fayad, Jamil Abdalla
100 ## - ENTRADA PRINCIPAL - NOME PESSOAL
Nome pessoal Comin, Jucinei José
100 ## - ENTRADA PRINCIPAL - NOME PESSOAL
Nome pessoal Kurtz, Claudinei
100 ## - ENTRADA PRINCIPAL - NOME PESSOAL
Nome pessoal Mafra, Álvaro
110 1# - ENTRADA PRINCIPAL - ENTIDADE
9 (RLIN) 4168
Nome da entidade ou lugar Empresa de Pesquisa Agropecuária e de Extensão Rural de Santa Catarina, Florianopólis, SC (Brasil)
245 ## - TÍTULO PRINCIPAL
Título principal Sistema de plantio direto de hortaliças (SPDH) :
Subtítulo O cultivo da cebola
260 ## - IMPRENTA (PUBLICAÇÃO, DISTRIBUIÇÃO, ETC.)
Lugar de publicação, distribuição, etc. Florianópolis, SC (Brasil) :
Nome do editor, distribuidor, etc. Epagri
Data de publicação, distribuição, etc 2018
300 ## - DESCRIÇÃO FÍSICA
Extensão 78 p.
490 ## - INDICAÇÃO DE SÉRIE
Título da série Boletim Didático - Empresa de Pesquisa Agropecuária e Extensão Rural de Santa Catarina S.A. (Brazil)
Número do volume ou designação sequencial da série no. 146
ISSN 1414-5219
520 ## - NOTA DE RESUMO, ETC
Nota de conteúdo O Sistema de Plantio Direto de Hortaliças (SPDH) se apresenta como uma das formas de transição mais ecológica de produção de hortaliças saudáveis, para a sociedade e o ambiente natural, capaz de gradualmente tornar mais equilibradas as relações presentes neste cenário.<br/>Há mais de vinte anos a Epagri iniciou o Sistema de Plantio Direto de Hortaliças (SPDH), agregando a pesquisa e a extensão e aprofundado relações técnico-científicas com ONG’s, a UFSC/CCA e a UDESC/CAV. Uma parcela dessas instituições vem desenvolvendo o SPDH mediante Lavouras de Estudo, pesquisa com participação da comunidade, cursos, viagens de estudos, encontros de socialização de resultados entre Lavoureiros e comunidade, palestras e publicações. Vale salientar que o SPDH é uma proposta de transição para toda a agricultura familiar que pratica o sistema convencional ou industrial, capaz de dinamizar as transformações nos sistemas de produção e consumo de alimentos, para que evoluam no sentido da complexidade, promovendo a saúde de plantas e melhorando as relações sociais, políticas, econômicas e ambientais.
650 ## - ASSUNTO - THESAGRO
Cabeçalho tópico ou nome geográfico CEBOLA
650 ## - ASSUNTO - THESAGRO
Cabeçalho tópico ou nome geográfico HORTALICA
650 ## - ASSUNTO - THESAGRO
Cabeçalho tópico ou nome geográfico MANEJO DO SOLO
650 ## - ASSUNTO - THESAGRO
Cabeçalho tópico ou nome geográfico PLANTIO DIRETO
650 ## - ASSUNTO - THESAGRO
Cabeçalho tópico ou nome geográfico MUDA
856 ## - ACESSO E ENDEREÇO ELETRÔNICO
Identificador uniforme de recurso - URI https://publicacoes.epagri.sc.gov.br/BD/issue/view/71/89
909 ## - IDENTIFICAÇÃO DO CATALOGADOR
Ano e mês da catalogação (aaaamm) 202312
Identificação do catalogador Wanessa Ribeiro
942 ## - TIPO ESPECÍFICO
Tipo de material Monografia Seriada
952 ## - LOCATION AND ITEM INFORMATION (KOHA)
-- 2023-12-04
Exemplares
Status de empréstimo Fonte de classificação Status de danificação Não pode ser emprestado Código da coleção Localização permanente Localização atual Localização na estante Enumeração de periódico Total Checkouts Código de barras Tipo de material
  Classificação AGRIS     Periódicos agrícolas Biblioteca Nacional de Agricultura - Binagri Biblioteca Nacional de Agricultura - Binagri Agrobase - Periódicos 2018 (146)   2023-437002 Monografia Seriada

BINAGRI

Telefone: (61)3218-2567/2388/3357/2097 - binagri@agro.gov.br

Ministério da Agricultura e Pecuária , Esplanada dos Ministérios, Bloco D, Anexo B, Brasília/DF, CEP: 70.043-900